Catálogo público

Guía técnica del viticultor 1983 / (Record no. 200272)

MARC details
000 -CABECERA
campo de control de longitud fija 00835nam a2200277Ia 4500
001 - NÚMERO DE CONTROL
campo de control Para_1635
003 - IDENTIFICADOR DEL NÚMERO DE CONTROL
campo de control CHAP
008 - DATOS DE LONGITUD FIJA--INFORMACIÓN GENERAL
campo de control de longitud fija 220125s1983 xx 000 0 und d
010 ## - NÚMERO DE CONTROL DE LA BIBLIOTECA DEL CONGRESO
Número de control de LC 200272
040 ## - FUENTE DE LA CATALOGACIÓN
Centro/agencia transcriptor CHAP
082 ## - NÚMERO DE LA CLASIFICACIÓN DECIMAL DEWEY
Número de clasificación PA 634.88 I5
110 ## - ENTRADA PRINCIPAL--NOMBRE DE ENTIDAD CORPORATIVA
Nombre de entidad corporativa o nombre de jurisdicción como elemento de entrada Instituto Nacional de Investigaciones Agrícolas. México. Centro de Investigaciones Agrícolas del Norte
9 (RLIN) 165149
245 ## - MENCIÓN DE TÍTULO
Título Guía técnica del viticultor 1983 /
Mención de responsabilidad, etc. por INIA-CIAN.
260 ## - PUBLICACIÓN, DISTRIBUCIÓN, ETC.
Lugar de publicación, distribución, etc. Matamoros, Coah. :
Nombre del editor, distribuidor, etc. El instituto
300 ## - DESCRIPCIÓN FÍSICA
Extensión 238 p.
650 ## - PUNTO DE ACCESO ADICIONAL DE MATERIA--TÉRMINO DE MATERIA
Término de materia o nombre geográfico como elemento de entrada Uva
Subdivisión general México
9 (RLIN) 117134
650 ## - PUNTO DE ACCESO ADICIONAL DE MATERIA--TÉRMINO DE MATERIA
Término de materia o nombre geográfico como elemento de entrada Vid
Subdivisión general México
9 (RLIN) 119127
650 ## - PUNTO DE ACCESO ADICIONAL DE MATERIA--TÉRMINO DE MATERIA
Término de materia o nombre geográfico como elemento de entrada Viticultura
Subdivisión general investigación
9 (RLIN) 120062
901 ## - ELEMENTOS DE DATOS A LOCAL LDA (RLIN)
a PA 634.88 I5
902 ## - ELEMENTOS DE DATOS B LOCAL, LDB (RLIN)
a A
905 ## - ELEMENTOS DE DATOS E LOCAL, LDE (RLIN)
a 0000001983 a 0000000000 00
910 ## - DATOS DE OPCIÓN DEL USUARIO (OCLC)
Datos de opción del usuario 1983
942 ## - ELEMENTOS DE PUNTO DE ACCESO ADICIONAL (KOHA)
Tipo de ítem Koha Parasitologia_
942 ## - ELEMENTOS DE PUNTO DE ACCESO ADICIONAL (KOHA)
Tipo de ítem Koha Parasitologia_
-- 1
Holdings
Estado de retiro Estado de pérdida Fuente del sistema de clasificación o colocación Estado dañado Restricciones de uso No para préstamo Código de colección Localización permanente Ubicación/localización actual Fecha de adquisición Número de inventario Total de préstamos Signatura topográfica completa Código de barras Fecha visto por última vez Número de copia Precio válido a partir de Tipo de ítem Koha Nota pública
    Dewey Decimal Classification   Préstamo interno   General Parasitologia Agricola Parasitologia Agricola 27/10/2005 (PA_7341) (No. UACh C/E)   PA 634.88 I5 4102003529 25/01/2022 Ej.1 25/01/2022 Libro 3